000 00308nam a2200109 a 4500
005 20140513081056.0
008 070202s19uu xx 00 eng d
050 _aVCD
_bSp743 2003
245 _aSpelling :
_bSpeech and skill development video program program.
260 _bMagnavision,
_c2003.
999 _c116502
_d116502